000 00834cam a2200193 4500
001 WS114259
008 010822n 000 0 eng u
035 _a(Sirsi) u114259
110 _aInternational Real Estate Institute
_94117
245 _aInternational Real Estate Institute
520 _aWeb site for this US based organisation for real estate professions. Includes its 'Code of Professional Ethics', a list of publications, details of its annual conference, its journal 'Global Real Estate News' and a list of members. View at www.iami.org/irei.
650 _aINTERNATIONAL
650 _aCODE OF ETHICS
650 _aPROPERTY-COMMERCIAL PROPERTY
650 _aUNITED STATES
690 _aPROFESSIONAL PRACTICE
856 _uhttps://www.iami.org/irei
_vView the websitefree of charge at www.iami.org/irei...
942 _n0
999 _c119858
_d119858